| 000 | 00389nam a2200169Ia 4500 | ||
|---|---|---|---|
| 100 | _aMahajan/M | ||
| 650 | _aIndustrial engineering | ||
| 942 | _cBK | ||
| 366 | _f14 | ||
| 654 | _aindustrial engineering | ||
| 245 | _aIndustrial Engineering And Production Management | ||
| 260 |
_bDHANPAT RAI AND SONS _c2019 |
||
| 082 | _bMAH | ||
| 300 | _a1136 | ||
| 546 | _aENGLISH | ||
| 999 |
_c33382 _d33382 |
||